000 00594nam a2200253 a 4500
001 nice12345678
003 IN_TiNIC
005 20260116011856.0
008 050524s1968 a grp 000 0 urd
020 _a
_c3
082 0 0 _a891.4391
_bKHA3
100 _aKhan, Hasan Ali
245 _aTazkira Bazm-E-Sukhan Va Toor-E-Kaleem
260 _a
_b
_c1968
300 _a128p
500 _aincludes index and biblioraphy
505 2 _aAppendix
650 _aBiography-Urdu Poets
650 _aUrdu-Poets
700 1 _aKhan, Hasan Ali
902 _bSRS
942 _cBK
999 _c4633
_d4633